The Office Trivia #I - Statistics

General Stats
  • This quiz has been taken 54 times
  • The average score is 8 of 15
Answer Stats
Hint Answer % Correct
What Michael gets Ryan for christmas Ipod
95%
Michael takes what kind of class Improv
80%
Michael ran into the glass door because he thought he heard the? Ice cream truck
71%
Kevin asks Jan whether the sperm bank was next to the __ IHOP
71%
Dunder Mifflin __. Ryans project as VP. Infinity
66%
JIms ringtone for Dwight says this word repeatedly Idiot
61%
Pam and Roys first date was at an __ Ice hockey game
54%
Michael is exceptionally good at this sport Ice skating
51%
What would Michael love to be part of sometime? inside jokes
46%
Dwight briefly dates her Isabel
39%
Name of the episode in which Michael steps on his grill Injury
37%
Elderly Florida lady, erin takes care of Irene
34%
Would you rather be feared or loved? Easy. Both. __ I want people to beafraid of how much they love me
29%
One of Dwights Senseis Ira
24%
Date Mikes catchphrase Its nice to meet me
15%
No matching quizzes found
Score Distribution
Percent of People with Each Score
Percentile by Number Answered
Your Score History
You have not taken this quiz